When bad things happen to good people / (Record no. 5347)
[ view plain ]
| 000 -LEADER | |
|---|---|
| fixed length control field | 00743cam a2200277 a 4500 |
| 001 - CONTROL NUMBER | |
| control field | 9185481 |
| 003 - CONTROL NUMBER IDENTIFIER | |
| control field | OSt |
| 005 - DATE AND TIME OF LATEST TRANSACTION | |
| control field | 20190103150909.0 |
| 008 - FIXED-LENGTH DATA ELEMENTS--GENERAL INFORMATION | |
| fixed length control field | 830203t19831981nyu 000 0 eng d |
| 010 ## - LIBRARY OF CONGRESS CONTROL NUMBER | |
| Canceled/invalid LC control number | 81040411 |
| 020 ## - INTERNATIONAL STANDARD BOOK NUMBER | |
| International Standard Book Number | 0380603926 |
| 040 ## - CATALOGING SOURCE | |
| Original cataloging agency | ILC |
| Transcribing agency | ILC |
| Modifying agency | OCL |
| -- | m/c |
| -- | KSU |
| -- | UtOrBLW |
| 082 ## - DEWEY DECIMAL CLASSIFICATION NUMBER | |
| Classification number | 296.31 |
| Item number | K97W |
| 090 ## - LOCALLY ASSIGNED LC-TYPE CALL NUMBER (OCLC); LOCAL CALL NUMBER (RLIN) | |
| Classification number (OCLC) (R) ; Classification number, CALL (RLIN) (NR) | BM645.P7 |
| Local cutter number (OCLC) ; Book number/undivided call number, CALL (RLIN) | K87 1983 |
| 100 1# - MAIN ENTRY--PERSONAL NAME | |
| Personal name | Kushner, Harold S |
| 245 10 - TITLE STATEMENT | |
| Title | When bad things happen to good people / |
| Statement of responsibility, etc. | Harold S. Kushner |
| 264 #1 - PRODUCTION, PUBLICATION, DISTRIBUTION, MANUFACTURE, AND COPYRIGHT NOTICE | |
| Place of production, publication, distribution, manufacture | New York : |
| Name of producer, publisher, distributor, manufacturer | Avon, |
| Date of production, publication, distribution, manufacture, or copyright notice | 1983 |
| 264 #4 - PRODUCTION, PUBLICATION, DISTRIBUTION, MANUFACTURE, AND COPYRIGHT NOTICE | |
| Date of production, publication, distribution, manufacture, or copyright notice | ©1981 |
| 300 ## - PHYSICAL DESCRIPTION | |
| Extent | 149 pages ; |
| Dimensions | 18 cm |
| 336 ## - CONTENT TYPE | |
| Content type term | text |
| Content type code | txt |
| Source | rdacontent |
| 337 ## - MEDIA TYPE | |
| Media type term | unmediated |
| Media type code | n |
| Source | rdamedia |
| 338 ## - CARRIER TYPE | |
| Carrier type term | volume |
| Carrier type code | nc |
| Source | rdacarrier |
| 600 10 - SUBJECT ADDED ENTRY--PERSONAL NAME | |
| Personal name | Kushner, Harold S |
| 650 #0 - SUBJECT ADDED ENTRY--TOPICAL TERM | |
| Topical term or geographic name entry element | Theodicy |
| 942 ## - ADDED ENTRY ELEMENTS (KOHA) | |
| Source of classification or shelving scheme | Dewey Decimal Classification |
| Koha item type | Books |
| Withdrawn status | Lost status | Source of classification or shelving scheme | Damaged status | Not for loan | Collection code | Home library | Current library | Shelving location | Date acquired | Cost, normal purchase price | Total Checkouts | Full call number | Barcode | Date last seen | Price effective from | Koha item type |
|---|---|---|---|---|---|---|---|---|---|---|---|---|---|---|---|---|
| Dewey Decimal Classification | Non-fiction | Harvest Mission College | Harvest Mission College | General Stacks | 03.01.2019 | 400.00 | 296.31 K97W | 006130 | 03.01.2019 | 03.01.2019 | Books |
